| 000 | 00450 a2200157 4500 | ||
|---|---|---|---|
| 003 | OSt | ||
| 005 | 20240203133521.0 | ||
| 008 | 240111b |||||||| |||| 00| 0 eng d | ||
| 020 | _a9789382581468 | ||
| 040 | _coclc | ||
| 082 |
_a297 _bWAH/M |
||
| 245 |
_aMoonnu adisthana thathwangal / _cShaik Muhammed Ibn Abdul Wahab |
||
| 260 |
_aKerala: _bDa'wa books, _c2014. |
||
| 300 | _a41p | ||
| 942 |
_2ddc _cBK _h297 _iWAH/M _k297 _mWAH/M |
||
| 999 |
_c43143 _d43143 |
||